000 00760nam a2200277Ia 4500
005 20250425162140.0
008 250425s9999 xx 000 0 und d
020 _a9972970736
041 _aspa
082 _a634.6
100 _aRUIZ, NICO
245 0 _aPRODUCCION Y ELABORACION DEL MANGO, VARIEDADES, MOJORAS, PLAGAS; UVA MANEJO, ESPECIES, PARASITOS
250 _a1A ED.
260 _aLIMA
260 _aPerĂº
_bRIPALME
_c2003
300 _a135
500 _aEN CIBGZ-FIMCP 50368 PARA ING. AGROPECUARIA.- COLECC. MI HUERTO.
650 _aCULTIVO DE FRUTAS
650 _aFERTILIZANTES Y ABONOS
650 _aFRUTAS TROPICALES
650 _aMANGO-PRODUCCION
650 _aUVAS
650 _aVINO-ORIGEN
942 _c01
010 _a53034
999 _c223318
_d223318